000 00447nam a2200205Ia 4500
001 12063
003 GE_BSU
008 181216s||||||||xx |||||||||||||| ||und||
020 _a9780751540352
040 _cGE_BSU
080 _a821.111-32
100 _aCarrell,J.L.
245 4 _aThe Shakespeare secret
260 _aLondon
260 _bSphere.
260 _c2007.
300 _a480p;20cm.
653 _aThe Shakespeare secret
942 _cBK
999 _c45240
_d45240